|
|
|
|
| LEADER |
02563nam a2200565 a 4500 |
| 001 |
nkc20091998445 |
| 003 |
CZ PrNK |
| 005 |
20160601142025.0 |
| 007 |
ta |
| 008 |
091125s2009 xr ab e 101 0 eng |
| 015 |
|
|
|a cnb001998445
|
| 020 |
|
|
|a 978-80-248-2074-3
|q (Vysoká škola báňská - Technická univerzita ;
|q brož.)
|
| 020 |
|
|
|a 978-80-7225-322-7
|q (Montanex ;
|q brož.)
|
| 035 |
|
|
|a (OCoLC)500008302
|
| 040 |
|
|
|a ABA001
|b cze
|
| 072 |
|
7 |
|a 628
|x Sanitární technika. Vodárenství. Odpadové hospodářství. Světelná technika
|2 Konspekt
|9 19
|
| 080 |
|
|
|a 628.3/.5
|2 MRF
|
| 080 |
|
|
|a 628.3/.5:620.26
|2 MRF
|
| 080 |
|
|
|a 502/504
|2 MRF
|
| 080 |
|
|
|a 628.3/.5
|2 MRF
|
| 080 |
|
|
|a 628.477.6
|2 MRF
|
| 080 |
|
|
|a (062.534)
|2 MRF
|
| 111 |
2 |
|
|a Wastes and Environment (konference)
|d (2009 :
|c Ostrava, Česko)
|7 kn20091202028
|
| 245 |
1 |
0 |
|a Wastes and Environment :
|b 22.-23.10.2009, VŠB-TU Ostrava, Czech Republic /
|c [editors Fečko Peter, Čablík Vladimír]
|
| 260 |
|
|
|a Ostrava :
|b VŠB - Technical University of Ostrava,
|c 2009
|
| 300 |
|
|
|a 330 s. :
|b barev. il., mapy ;
|c 30 cm
|
| 500 |
|
|
|a Nad názvem: VŠB - Technical University of Ostrava, Faculty of Mining and Geology, Institute of Environmental Engineering
|
| 500 |
|
|
|a 150 výt.
|
| 500 |
|
|
|a Část nákladu vydána ve spolupráci s nakladatelstvím Montanex, bez uvedení počtu výtisků
|
| 504 |
|
|
|a Obsahuje bibliografické odkazy a rejstřík
|
| 650 |
0 |
7 |
|a odpad
|7 ph115564
|x environmentální aspekty
|2 czenas
|
| 650 |
0 |
7 |
|a nebezpečný odpad
|7 ph115424
|x environmentální aspekty
|2 czenas
|
| 650 |
0 |
7 |
|a odpadové hospodářství
|7 ph115563
|2 czenas
|
| 650 |
0 |
7 |
|a recyklace odpadu
|7 ph125049
|2 czenas
|
| 650 |
0 |
9 |
|a waste products
|x environmental aspects
|2 eczenas
|
| 650 |
0 |
9 |
|a hazardous waste
|x environmental aspects
|2 eczenas
|
| 650 |
0 |
9 |
|a waste management
|2 eczenas
|
| 650 |
0 |
9 |
|a waste recycling
|2 eczenas
|
| 655 |
|
7 |
|a sborníky konferencí
|7 fd133333
|2 czenas
|
| 655 |
|
9 |
|a proceedings of conferences
|2 eczenas
|
| 700 |
1 |
|
|a Fečko, Peter,
|d 1960-2012
|7 ola2002146715
|4 edt
|
| 700 |
1 |
|
|a Čablík, Vladimír,
|d 1972-
|7 mzk2005286639
|4 edt
|
| 710 |
2 |
|
|a Vysoká škola báňská - Technická univerzita Ostrava.
|b Institut environmentálního inženýrství
|7 kn20010709140
|
| 910 |
2 |
|
|a BOA001
|b 4-1232.874
|
| 928 |
9 |
|
|a Montanex
|
| 928 |
9 |
|
|a Vysoká škola báňská - Technická univerzita Ostrava
|
| 990 |
|
|
|a BK
|
| 995 |
|
|
|a 01
|
| 991 |
|
|
|b 200912
|c NOV
|
| 996 |
6 |
|
|b 2610404306
|c 4-1232.874
|l MZK
|r Sklad / do 1 hodiny
|n 2
|p p.v.
|w 000977399
|u 000010
|a 1
|e BOA001
|j MZK50
|s P
|